KOHA-Header-6

Churchill a Biography (Record no. 2618)

000 -LEADER
fixed length control field 00284nam a22001337a 4500
082 ## - DEWEY DECIMAL CLASSIFICATION NUMBER
Classification number 941.540
100 ## - MAIN ENTRY--AUTHOR NAME
Personal name JenKin Roy
245 ## - TITLE STATEMENT
Title Churchill a Biography
Remainder of title Biography
250 ## - EDITION STATEMENT
Edition statement Biography
260 ## - PUBLICATION, DISTRIBUTION, ETC. (IMPRINT)
Place of publication USA
Name of publisher Mc Graw Hill
300 ## - PHYSICAL DESCRIPTION
Number of Pages 336
650 ## - SUBJECT ADDED ENTRY--TOPICAL TERM
Topical Term Biography
942 ## - ADDED ENTRY ELEMENTS (KOHA)
Koha item type Books
Holdings
Withdrawn status Lost status Permanent Location Current Location Date acquired Full call number Accession Number Koha item type
    MAJU MAJU 2019-08-31 941.540 Av76 Books

Powered by Koha